| 000 | 00897nas a2200313 4500 | ||
|---|---|---|---|
| 001 | BR2013009603 | ||
| 003 | BR-BrBNA | ||
| 005 | 20231205123257.0 | ||
| 007 | ta | ||
| 008 | 230509b bl.|||p| |||| 00| 00por d | ||
| 040 |
_aBR-BrBNA _bpor _cBiblioteca Nacional de Agricultura |
||
| 041 | _a(Pt) | ||
| 072 | _aL73 | ||
| 100 | 1 | _aDias, F.E.F. | |
| 100 | 1 | _aNunes, C.M. | |
| 100 | 1 | _aCavalcante, T.V. | |
| 100 | 1 | _aSantos, H.D. | |
| 100 | 1 | _aMinharro, S. | |
| 100 | 1 | _aGarcia, J.F. | |
| 245 | 1 | _aPCR multiplex fluorescente para detecção de bactérias em sêmen bovino | |
| 650 | _aBOVINO | ||
| 650 | _aSÊMEN | ||
| 650 | _aDIGNÓSTICO | ||
| 650 | _aELETROFORESE | ||
| 650 | _aBACTÉRIA | ||
| 773 | 0 |
_tPesquisa Veterinária Brasileira (Brazil) _xISSN 0100-736X _g(Mar 2012), v. 32(3) p. 211-216 _wBR2013009603 |
|
| 909 |
_a202311 _bLúcia _c55 _dLúcia Elande |
||
| 942 |
_2AGRIS _n0 _cANA |
||
| 999 |
_c233078 _d233078 |
||